| 000 | 00783nam a22002177a 4500 | ||
|---|---|---|---|
| 999 |
_c2061 _d2061 |
||
| 003 | AR-CdUCM | ||
| 008 | 190301b ||||| |||| 00| 0 spa d | ||
| 020 | _a9686642846 | ||
| 040 |
_aMUNICIPALIDAD PROVINCIAL DEL CUSCO _cBIBLIOTECA MUNICIPAL DEL CUSCO |
||
| 082 |
_22ed. _a337 / _bD65 |
||
| 100 |
_aDeutsch, Karl W. _96358 |
||
| 245 | _aAnálisis de las relaciones internacionales / | ||
| 260 |
_aMexico : _bGernia , _c1992. |
||
| 300 |
_a434 págias ; _c20cm. |
||
| 440 |
_aColección ciencias políticas _97453 |
||
| 505 | _aGrupos de interés con propositos generales -- La búsqueda de la paz -- algunas perspectivas del futuro... | ||
| 650 |
_aRelaciones internacionales. _93395 |
||
| 650 |
_aIntereses económicos. _97454 |
||
| 942 |
_2ddc _cLIBROS |
||
| 945 |
_awfj _d2019-03-01 |
||